000 00564nam a2200169 4500
008 230629b |||||||| |||| 00| 0 eng d
020 _a9789966120557
050 _aHV 446.5 .O74 2019
100 _aOrero, Charles W.
245 _aCharity and economic empowerment/
_cCharles Wachunnah Oloo Orero
260 _aNairobi:
_bPrinting Services,
_cc2019.
300 _avolumes :
_b illustrations ;
_c21 cm
650 _aCharities
650 _aCharities Kenya
650 _aEconomic assistance, Domestic
942 _2lcc
_cBOOKS
_hHV 446.5 .O74 2019
999 _c31638
_d31638